| 000 | 00886nmm a2200325 a 4500 | ||
|---|---|---|---|
| 003 | AR-BaBNM | ||
| 005 | 20251128210531.0 | ||
| 008 | 080020s1999 ||||||||||||||000 | spa|| | ||
| 020 | _a987-9206-10-X | ||
| 040 | _cAR-BaBNM | ||
| 245 | 1 | 0 | _aAportes para una Argentina plural |
| 260 |
_aBuenos Aires _bArchivo General de la Nación _c1999 |
||
| 300 | _a167 p. | ||
| 600 | 1 | 4 | _aPerón, Juan Domingo |
| 650 | 4 | _aHISTORIA ARGENTINA | |
| 650 | 4 | _aHISTORIA SOCIAL | |
| 650 | 4 | _aNACIONALISMO | |
| 650 | 4 | _aHISTORIA DE LAS IDEAS | |
| 650 | 4 | _aMUJERES | |
| 650 | 4 | _aHISTORIA CULTURAL | |
| 650 | 4 | _aHISTORIA DE BUENOS AIRES | |
| 653 | _aPERONISMO | ||
| 653 | _aRADICALISMO | ||
| 653 | _aBORBONES | ||
| 700 | 1 |
_aVaccaro, Alejandro _ecolaborador |
|
| 700 | 1 |
_aTapia, Julio _ecolaborador |
|
| 700 | 1 |
_aScarzo Japaze, Eduardo _ecolaborador |
|
| 942 | _cBK | ||
| 998 | _cMariana | ||
| 999 |
_c15837 _d15837 |
||